Ley de contrato de trabajo (Registro nro. 773)

Detalles MARC
000 -LEADER
fixed length control field 00934 a2200265 4500
001 - CONTROL NUMBER
control field 20957
005 - DATE AND TIME OF LATEST TRANSACTION
control field 20260407155502.0
008 - FIXED-LENGTH DATA ELEMENTS--GENERAL INFORMATION
fixed length control field 260407a2011 arg spa d
003 - CONTROL NUMBER IDENTIFIER
control field AR-UNSa-BCEJYS
040 ## - CATALOGING SOURCE
Original cataloging agency AR-UNSa-BCEJYS
Language of cataloging spa
Transcribing agency AR-UNSa-BCEJYS
080 ## - UNIVERSAL DECIMAL CLASSIFICATION NUMBER
Universal Decimal Classification number 349.22:331.106
Common auxiliary subdivision Contrato de trabajo
020 ## - INTERNATIONAL STANDARD BOOK NUMBER
International Standard Book Number 978-987-30-0165-9
100 1# - MAIN ENTRY--PERSONAL NAME
Personal name Argentina [Leyes, etc.]
245 10 - TITLE STATEMENT
Title Ley de contrato de trabajo
Name of part/section of a work comentada y concordada
250 ## - EDITION STATEMENT
Edition statement 2a. ed.
264 #1 - PRODUCTION, PUBLICATION, DISTRIBUTION, MANUFACTURE, AND COPYRIGHT NOTICE
Place of production, publication, distribution, manufacture Buenos Aires :
Name of producer, publisher, distributor, manufacturer Rubinzal-Culzoni Editores
Date of production, publication, distribution, manufacture, or copyright notice 2011
300 ## - PHYSICAL DESCRIPTION
Extent 3 v.
Dimensions 22 cm.
505 ## - FORMATTED CONTENTS NOTE
Formatted contents note Vol. I: Artículos 1ª a 89 - Vol. II: Artículos 90 a 195 - Vol. III: Artículos 196 a 277
590 ## - LOCAL NOTE (RLIN)
Local note niveau_biblio:m niveau_hierar:0
650 ## - SUBJECT ADDED ENTRY--TOPICAL TERM
Topical term or geographic name entry element Ley 20.744
650 ## - SUBJECT ADDED ENTRY--TOPICAL TERM
Topical term or geographic name entry element ley 20 744
700 1# - ADDED ENTRY--PERSONAL NAME
Personal name Ojeda, Raúl Horacio
856 41 - ELECTRONIC LOCATION AND ACCESS
Uniform Resource Identifier <a href="https://biblioeco.unsa.edu.ar/pmb/images/libros/Ley de Contrato de Trabajo.jpg">https://biblioeco.unsa.edu.ar/pmb/images/libros/Ley de Contrato de Trabajo.jpg</a>
Link text Imagen de portada
Electronic format type image/jpeg
942 ## - ADDED ENTRY ELEMENTS (KOHA)
Koha item type
Existencias
Withdrawn status Lost status Damaged status Not for loan Home library Current library Shelving location Date acquired Total checkouts Full call number Barcode Date last seen Price effective from Koha item type Public note
        Biblioteca Prof. Eusebio Cleto del Rey Biblioteca Prof. Eusebio Cleto del Rey   07/04/2026   349.22:331.106 A688 v.1 2ed. L119165 07/04/2026 07/04/2026 Libro CANTO UN POCO MANCHADO
        Biblioteca Prof. Eusebio Cleto del Rey Biblioteca Prof. Eusebio Cleto del Rey   07/04/2026   349.22:331.106 A688 v.1 2ed. L119166 07/04/2026 07/04/2026 Libro MANCHADO PÁG 96 - CANTO MANCHADO
        Biblioteca Prof. Eusebio Cleto del Rey Biblioteca Prof. Eusebio Cleto del Rey   07/04/2026   349.22:331.106 A688 v.2 2ed. L119167 07/04/2026 07/04/2026 Libro  
        Biblioteca Prof. Eusebio Cleto del Rey Biblioteca Prof. Eusebio Cleto del Rey   07/04/2026   349.22:331.106 A688 v.2 2ed. L119168 07/04/2026 07/04/2026 Libro  
        Biblioteca Prof. Eusebio Cleto del Rey Biblioteca Prof. Eusebio Cleto del Rey   07/04/2026   349.22:331.106 A688 v.3 2ed. L119169 07/04/2026 07/04/2026 Libro CANTO INFERIOR MANCHADO (CON TINTA ROJA)
        Biblioteca Prof. Eusebio Cleto del Rey Biblioteca Prof. Eusebio Cleto del Rey   07/04/2026   349.22:331.106 A688 v.3 2ed. L119170 07/04/2026 07/04/2026 Libro 1° PÁGINA MANCHADA